[Event "Immopar"]
[Site "?"]
[Date "1992.??.??"]
[Round "?"]
[White "Kasparov, Gary"]
[Black "Anand, Viswanathan"]
[Result "1-0"]
[WhiteElo "2780"]
[BlackElo "2670"]
[PlyCount "75"]
[EventDate "1992.??.??"]
[Source "www.chesslib.no"]
[SourceDate "2004.05.04"]

1. Nf3 d6 2. d4 Bg4 3. e4 Nf6 4. h3 Bh5 5. Bd3 e6 6. c4 Be7 7. Nc3 Nc6 8. Be3 O-O 9. Qe2 Bg6 10. Rd1 d5 11. cxd5 exd5 12. e5 Ne4 13. O-O Qd7 14. Bc1 f5 15. Nxd5 Bh5 16. Nf4 Bxf3 17. Bc4+ Kh8 18. Qxf3 Ng5 19. Qh5 Qe8 20. Qe2 Bb4 21. Nd5 Ne6 22. Nxb4 Nxb4 23. d5 Nc5 24. a3 Nba6 25. b4 Ne4 26. Bb2 Nb8 27. e6 Qe7 28. Bd3 Nd6 29. Qe5 b5 30. Rfe1 a5 31. Re3 axb4 32. axb4 Na6 33. Bc3 Rf6 34. Qf4 Rg6 35. Ra1 Qf8 36. Rg3 Kg8 37. h4 Ne8 38. Bf6 1-0

[Event "Hofmann Cup"]
[Site "Baden-Baden GER"]
[Date "1995.??.??"]
[Round "4"]
[White "Karpov, Anatoly"]
[Black "Hickl, Joerg"]
[Result "1-0"]
[WhiteElo "2765"]
[BlackElo "2535"]
[PlyCount "58"]
[EventDate "1995.??.??"]
[Source "www.chesslib.no"]
[SourceDate "2004.05.04"]

1. Nf3 d6 2. d4 Bg4 3. c4 Nd7 4. Qb3 Rb8 5. h3 Bxf3 6. Qxf3 g6 7. Qa3 Bg7 8. e3 a6 9. Be2 Ngf6 10. O-O O-O 11. Rd1 c6 12. Bd2 Qc7 13. Be1 b5 14. Ba5 Qb7 15. Nd2 c5 16. Bf3 Qa7 17. dxc5 Nxc5 18. Rac1 Rfc8 19. b4 Nb7 20. Be2 bxc4 21. Nxc4 Nd7 22. Qa4 Nxa5 23. Nxa5 Ne5 24. Nb3 Bh6 25. Nd4 Qb6 26. Rxc8+ Rxc8 27. Qxa6 Qb8 28. b5 Rc5 29. a4 Kg7 1-0

[Event "The European Team Ch"]
[Site "?"]
[Date "1999.??.??"]
[Round "3"]
[White "Piket Jeroen"]
[Black "Kortschnoj Viktor"]
[Result "1/2-1/2"]
[WhiteElo "2619"]
[BlackElo "2673"]
[PlyCount "57"]
[EventDate "1999.??.??"]
[Source "www.chesslib.no"]
[SourceDate "2004.05.04"]

1. d4 d6 2. a4 d5 3. c4 dxc4 4. e4 Nf6 5. e5 Nd5 6. Bxc4 Nb6 7. Bb3 Nc6 8. Ne2 Bf5 9. Nbc3 e6 10. Kf1 Qd7 11. Kg1 O-O-O 12. Be3 f6 13. exf6 gxf6 14. Ng3 Nxd4 15. Bxd4 Qxd4 16. Nb5 Bc5 17. Nxf5 exf5 18. Be6+ Kb8 19. Nd6 Rxd6 20. Bxf5 Rd5 21. Be6 Ba3 22. bxa3 Rdd8 23. h4 a5 24. Bc4 h6 25. Bf1 c6 26. Qxd4 Rxd4 27. f4 Kc7 28. g4 Rd5 29. Be2 1/2-1/2

[Event "SUI-chT Basel-Riehen"]
[Site "Svizzera"]
[Date "2007.09.01"]
[Round "6.1"]
[White "Milov, Vadim"]
[Black "Hickl, Joerg"]
[Result "1-0"]
[WhiteElo "2659"]
[BlackElo "2617"]
[PlyCount "96"]
[EventDate "2007.02.25"]
[Source "www.chesslib.no"]
[SourceDate "2004.05.04"]

1. d4 d6 2. g3 g6 3. Bg2 Bg7 4. e4 c5 5. dxc5 Qa5+ 6. Bd2 Qxc5 7. Nc3 Nf6 8. Nge2 O-O 9. O-O Nc6 10. Be3 Qa5 11. h3 Be6 12. Nd5 Rfe8 13. c4 Rac8 14. Nef4 Ne5 15. b3 Nxd5 16. exd5 Bd7 17. a4 Nxc4 18. bxc4 Bxa1 19. Qxa1 Rxc4 20. Qb2 Rb4 21. Qc1 Qxa4 22. Qd2 Rc8 23. Rd1 Bf5 24. Kh2 a5 25. Qe1 b6 26. Ne2 Rcc4 27. Bh6 Bc2 28. Nd4 Qd7 29. Rd2 Rxd4 30. Rxc2 Rdc4 31. Re2 Rc7 32. h4 Rbc4 33. Bh3 Qd8 34. Qa1 f6 35. Qb1 Rb4 36. Qd3 a4 37. h5 Qe8 38. Qd2 Rbc4 39. Bf4 g5 40. Bxd6 Qxh5 41. Bxc7 Rxc7 42. g4 Qf7 43. Bg2 Kg7 44. Qb4 Qf8 45. Bf3 Qd8 46. Qxa4 Qb8 47. Kg2 b5 48. Qb4 Kf7 1-0

[Event "Las Palmas ESP"]
[Site "Las Palmas ESP"]
[Date "1993.??.??"]
[Round "?"]
[White "Jussupow, Artur M"]
[Black "Adams, Michael"]
[Result "1/2-1/2"]
[WhiteElo "2645"]
[BlackElo "2630"]
[PlyCount "22"]
[EventDate "1993.??.??"]
[Source "www.chesslib.no"]
[SourceDate "2004.05.04"]

1. Nf3 d6 2. d4 Bg4 3. e4 Nf6 4. h3 Bh5 5. Nbd2 e6 6. c3 Be7 7. Bd3 O-O 8. Qc2 Nbd7 9. O-O e5 10. Nh4 Re8 11. Nf5 Bf8 1/2-1/2

[Event "Italia"]
[Site "?"]
[Date "1999.??.??"]
[Round "?"]
[White "Lputian, S."]
[Black "Tkachiev, V."]
[Result "1-0"]
[WhiteElo "2625"]
[BlackElo "2645"]
[PlyCount "81"]
[EventDate "1999.??.??"]
[Source "Chess Informant"]
[SourceDate "1999.10.01"]

1. d4 d6 2. Nf3 g6 3. c4 Bg7 4. Nc3 Bg4 5. g3 Bxf3 6. exf3 e6 7. d5 exd5 8. Nxd5 c6 9. Ne3 Ne7 10. f4 Na6 11. Bg2 b5 12. O-O Nc7 13. Bd2 a5 14. Bc3 Bxc3 15. bxc3 bxc4 16. f5 d5 17. f6 Nc8 18. Qa4 Na7 19. Nxd5 Nxd5 20. Bxd5 O-O 21. Bg2 Qd3 22. Rac1 Qd6 23. Qxc4 Qxf6 24. a4 Rfe8 25. Rfe1 Re5 26. Qa6 Rxe1+ 27. Rxe1 Qxc3 28. Re7 Qa1+ 29. Bf1 Qxa4 30. Qb7 Rf8 31. Qxa7 Qb4 32. Rb7 Qc3 33. Qa6 Re8 34. Ra7 Re5 35. Ra8+ Kg7 36. Qc8 Qd4 37. Qg8+ Kh6 38. Qxf7 Rf5 39. Qa2 Qc3 40. Ra7 Qe1 41. Qb2 1-0

[Event "Olympiad"]
[Site "?"]
[Date "1992.??.??"]
[Round "2"]
[White "Gurevich Mikhail N"]
[Black "Azmaiparashvili Zurab A"]
[Result "1-0"]
[WhiteElo "2635"]
[BlackElo "2610"]
[PlyCount "73"]
[EventDate "1992.??.??"]
[Source "www.chesslib.no"]
[SourceDate "2004.05.04"]

1. d4 d6 2. Bg5 h6 3. Bh4 Bf5 4. Nc3 d5 5. e3 c6 6. Bd3 Bxd3 7. Qxd3 Nd7 8. e4 dxe4 9. Nxe4 Qa5+ 10. Nd2 e6 11. Ngf3 Be7 12. Bg3 Ngf6 13. O-O O-O 14. Nc4 Qa6 15. Rfd1 c5 16. Nce5 Qxd3 17. Rxd3 Rac8 18. Nxd7 Nxd7 19. d5 exd5 20. Rxd5 Nb6 21. Rd3 c4 22. Rdd1 Bf6 23. Be5 Bxe5 24. Nxe5 Rfe8 25. Ng4 Na4 26. Rd7 Nc5 27. Rd5 Re2 28. Ne3 Ne4 29. Re5 Nxf2 30. Kf1 Rd2 31. Re1 Rcd8 32. Re2 Nd1 33. Rxd2 Rxd2 34. Ke1 c3 35. bxc3 Nxe3 36. Re8+ Kh7 37. Kxd2 1-0

[Event "32. Chess Olympiad,"]
[Site "32nd Chess Olympiad,"]
[Date "1996.??.??"]
[Round "10"]
[White "Petursson, Margeir"]
[Black "Azmaiparashvili, Zurab A"]
[Result "1/2-1/2"]
[WhiteElo "2585"]
[BlackElo "2660"]
[PlyCount "51"]
[EventDate "1996.??.??"]
[Source "www.chesslib.no"]
[SourceDate "2004.05.04"]

1. c4 g6 2. e4 e5 3. Nf3 d6 4. d4 Bg4 5. dxe5 Bxf3 6. gxf3 dxe5 7. Qxd8+ Kxd8 8. Nc3 Bd6 9. Be3 c6 10. O-O-O Ke7 11. Bh3 Nf6 12. f4 Nfd7 13. Rhf1 Kd8 14. Bf5 gxf5 15. f3 fxe4 16. Bd2 Ke7 17. Be1 Kf8 18. fxe5 c5 19. h4 f6 20. Rd5 Bxe5 21. Rh1 h5 22. fxe4 Bd6 23. Rxd6 Ne5 24. Ra6 b5 25. Nb1 Nf3 26. Bc3 1/2-1/2

[Event "VIII Dos Hermanas Internet"]
[Site "ICC INT"]
[Date "2007.03.23"]
[Round "2.3"]
[White "Shipov, S."]
[Black "Zhang Zhong"]
[Result "0-1"]
[WhiteElo "2591"]
[BlackElo "2618"]
[PlyCount "112"]
[EventDate "2007.03.23"]
[Source "www.chesslib.no"]
[SourceDate "2004.05.04"]

1. d4 d6 2. Nf3 g6 3. c4 Bg7 4. Nc3 e6 5. e4 Ne7 6. Be3 b6 7. Bd3 Bb7 8. Qd2 h6 9. h4 Nd7 10. O-O-O a6 11. Kb1 Nf6 12. Rhe1 Ng4 13. Bf4 Qd7 14. Bg3 O-O 15. h5 g5 16. Qe2 Nf6 17. Rh1 Nh7 18. e5 f5 19. exd6 cxd6 20. Rhe1 Rf6 21. Bc2 Nf8 22. Be5 Rf7 23. Bxg7 Kxg7 24. c5 Nd5 25. Nxd5 Bxd5 26. cxd6 Qxd6 27. Qe5+ Qxe5 28. Nxe5 Rc7 29. g3 g4 30. Rd2 Rac8 31. b3 Nh7 32. Kb2 Nf6 33. Re3 b5 34. Bd3 Nxh5 35. Rc2 Nf6 36. Rxc7+ Rxc7 37. Re1 Be4 38. Re2 h5 39. Bxe4 Nxe4 40. Nd3 Kf6 41. Nf4 Rh7 42. Rc2 h4 43. gxh4 Rxh4 44. Rc6 Rh2 45. Nxe6 Rxf2+ 46. Ka3 g3 47. Rxa6 g2 48. Nf4+ Kg5 49. Nxg2 Rxg2 50. Kb4 f4 51. Re6 f3 52. Rxe4 f2 53. Re5+ Kg4 54. Re4+ Kf3 55. Re8 Rg4 56. Kxb5 f1=Q+ 0-1

[Event "FRIGEM"]
[Site "Leeuwarden FRIGEM"]
[Date "1993.??.??"]
[Round "?"]
[White "Sokolov, Ivan"]
[Black "Van Wely, Loek"]
[Result "1-0"]
[WhiteElo "2640"]
[BlackElo "2560"]
[PlyCount "43"]
[EventDate "1993.??.??"]
[Source "www.chesslib.no"]
[SourceDate "2004.05.04"]

1. d4 d6 2. Bg5 Nd7 3. e4 Ngf6 4. Nc3 c6 5. f3 Qb6 6. Rb1 e5 7. Nge2 Be7 8. Be3 O-O 9. Ng3 g6 10. Be2 Re8 11. O-O d5 12. Kh1 h5 13. Bg1 exd4 14. Bxd4 Qc7 15. exd5 cxd5 16. Bb5 Rd8 17. Re1 Qd6 18. Qd2 h4 19. Nf5 gxf5 20. Rxe7 Qxe7 21. Qg5+ Kf8 22. Qh6+ 1-0

[Event "Groningen"]
[Site "?"]
[Date "1993.??.??"]
[Round "?"]
[White "Lobron, E."]
[Black "Hodgson, Ju"]
[Result "1-0"]
[WhiteElo "2575"]
[BlackElo "2625"]
[PlyCount "67"]
[EventDate "1993.??.??"]
[Source "ChessBase"]
[SourceDate "1994.02.01"]

1. Nf3 d6 2. d4 Bg4 3. c4 g6 4. e3 Bg7 5. Be2 c5 6. h3 Bxf3 7. Bxf3 Nc6 8. d5 Nb8 9. O-O Nf6 10. Nc3 O-O 11. e4 Nfd7 12. Bg5 Na6 13. Qd2 Nc7 14. Be2 a6 15. a4 Rb8 16. f4 Bd4+ 17. Kh1 Ne8 18. Bd3 Ng7 19. Rae1 Nh5 20. Rf3 Re8 21. g4 Ng7 22. Ne2 Bf6 23. Bh6 Qb6 24. g5 Bd4 25. Nxd4 cxd4 26. Qf2 Nh5 27. e5 e6 28. dxe6 Rxe6 29. f5 Rxe5 30. Rf1 Qc6 31. fxg6 fxg6 32. Kh2 Ree8 33. Rf7 Kh8 34. Rxh7+ 1-0

[Event "Manila (izt)"]
[Site "?"]
[Date "1990.??.??"]
[Round "?"]
[White "Arencibia, W."]
[Black "Seirawan, Y."]
[Result "0-1"]
[WhiteElo "2555"]
[BlackElo "2635"]
[PlyCount "48"]
[EventDate "1990.??.??"]
[Source "ChessBase"]
[SourceDate "1990.01.01"]

1. d4 d6 2. Nc3 g6 3. h4 Bg7 4. h5 Nc6 5. Nf3 e5 6. h6 Bf6 7. d5 Nb8 8. e4 Be7 9. Bb5+ Nd7 10. g4 Ngf6 11. Nh4 a6 12. Bd3 Nc5 13. g5 Nh5 14. Rg1 Nf4 15. Bxf4 exf4 16. Nf3 O-O 17. Be2 f6 18. Nd4 fxg5 19. b4 Bf6 20. Qd2 Be5 21. Rd1 Qf6 22. Bg4 Bxg4 23. Rxg4 Nd7 24. Nce2 f3 0-1

[Event "Cannes op"]
[Site "Cannes"]
[Date "1996.??.??"]
[Round "8"]
[White "Sadler, Matthew"]
[Black "Dorfman, Josif D"]
[Result "1/2-1/2"]
[WhiteElo "2600"]
[BlackElo "2580"]
[PlyCount "70"]
[EventDate "1996.02.??"]
[Source "ChessBase"]

1. d4 d6 2. e4 g6 3. c4 e5 4. Nf3 Bg7 5. Be2 Nc6 6. d5 Nce7 7. Nc3 f5 8. c5 Nf6 9. cxd6 cxd6 10. Bb5+ Bd7 11. Bxd7+ Qxd7 12. Ng5 O-O 13. Ne6 Rfc8 14. f3 b5 15. Bg5 b4 16. Ne2 fxe4 17. Bxf6 exf3 18. Bxg7 fxe2 19. Qd3 Qb7 20. Bh6 Qxd5 21. Qxd5 Nxd5 22. Kd2 Rc4 23. Rac1 Rh4 24. Be3 Re4 25. Nc7 Nxe3 26. Nxa8 Nxg2 27. Nc7 e1=Q+ 28. Rhxe1 Nxe1 29. Rxe1 Rh4 30. Re2 Rc4 31. Ne8 Kf8 32. Nf6 Kg7 33. Ne8+ Kf8 34. Nf6 Kg7 35. Ne8+ Kf8 1/2-1/2

[Event "Tilburg NED"]
[Site "Tilburg NED"]
[Date "1994.??.??"]
[Round "2"]
[White "Tukmakov, Vladimir B"]
[Black "Speelman, Jonathan S"]
[Result "1/2-1/2"]
[WhiteElo "2570"]
[BlackElo "2605"]
[PlyCount "43"]
[EventDate "1994.??.??"]
[Source "www.chesslib.no"]
[SourceDate "2004.05.04"]

1. d4 d6 2. Nf3 g6 3. g3 Bf5 4. Bg2 Qc8 5. h3 Bg7 6. Nc3 Nf6 7. g4 Bd7 8. e4 O-O 9. Be3 Bc6 10. d5 Be8 11. Qd2 b5 12. Bh6 b4 13. Bxg7 Kxg7 14. Ne2 a5 15. Ng3 c5 16. O-O Nxe4 17. Rfe1 Nf6 18. Reb1 e6 19. Qf4 Ra6 20. dxe6 Bb5 21. Nh1 Rb6 22. Qh6+ 1/2-1/2

[Event "SVK-CRO"]
[Site "Piestany"]
[Date "1996.??.??"]
[Round "?"]
[White "Ftacnik, Lubomir"]
[Black "Kozul, Zdenko"]
[Result "1-0"]
[WhiteElo "2585"]
[BlackElo "2580"]
[PlyCount "73"]
[EventDate "1996.??.??"]
[Source "ChessBase"]

1. c4 g6 2. Nc3 Bg7 3. d4 d6 4. Nf3 Bg4 5. e3 Nc6 6. Qb3 Bxf3 7. gxf3 Qc8 8. f4 Nh6 9. Bd2 O-O 10. d5 Nb8 11. h4 Nd7 12. Bh3 c6 13. h5 f5 14. hxg6 hxg6 15. Ke2 Nc5 16. Qc2 a5 17. Rag1 Qe8 18. Rg2 e6 19. Rhg1 Rf6 20. dxc6 bxc6 21. Na4 Nxa4 22. Qxa4 e5 23. c5 e4 24. Qb3+ d5 25. Bc3 Rb8 26. Bxf6 Bxf6 27. Rxg6+ Kh7 28. Qd1 Rxb2+ 29. Kf1 Qxg6 30. Rxg6 Kxg6 31. Bxf5+ Kxf5 32. Qh5+ Ke6 33. Qxh6 Rxa2 34. Qh7 Ra1+ 35. Kg2 d4 36. f5+ Ke5 37. Qd7 1-0

[Event "Biel"]
[Site "Biel SUI"]
[Date "1979.??.??"]
[Round "?"]
[White "Korchnoi, Viktor L"]
[Black "Hug, Werner"]
[Result "1-0"]
[WhiteElo "2695"]
[BlackElo "2460"]
[PlyCount "67"]
[EventDate "1979.??.??"]
[Source "www.chesslib.no"]
[SourceDate "2004.05.04"]

1. d4 g6 2. c4 Bg7 3. Nc3 d6 4. Bg5 f6 5. Bh4 Nh6 6. e4 e5 7. dxe5 dxe5 8. Qxd8+ Kxd8 9. O-O-O+ Nd7 10. f4 Nf7 11. fxe5 Nfxe5 12. Nf3 Nxf3 13. gxf3 c6 14. Bg3 Ke8 15. Be2 Ne5 16. f4 Nf7 17. Rhe1 h5 18. Kc2 Kf8 19. c5 Be6 20. Bd3 Bg4 21. Rd2 Bh6 22. Rf2 Kg7 23. e5 Rhe8 24. Ne4 fxe5 25. fxe5 Re7 26. Nd6 Nh8 27. Bh4 g5 28. Nf5+ Bxf5 29. Rxf5 Nf7 30. Bf2 Rd8 31. e6 Nh8 32. Bg3 Ng6 33. Bd6 Rde8 34. Bc4 1-0

[Event "AUT-chT2S 9899"]
[Site "?"]
[Date "1999.03.21"]
[Round "11.6"]
[White "Eingorn Vereslav S"]
[Black "Agrest Evgenij"]
[Result "1/2-1/2"]
[WhiteElo "2610"]
[BlackElo "2545"]
[PlyCount "83"]
[EventDate "1999.??.??"]
[Source "www.chesslib.no"]
[SourceDate "2004.05.04"]

1. Nf3 d6 2. d4 g6 3. g3 Bg7 4. Bg2 f5 5. O-O Nf6 6. Nc3 O-O 7. Bg5 Nbd7 8. Qc1 d5 9. Bh6 Bxh6 10. Qxh6 e5 11. dxe5 Ng4 12. Qd2 Ngxe5 13. Nxe5 Nxe5 14. Qd4 Qf6 15. e3 Kg7 16. Ne2 Be6 17. Rad1 Bf7 18. Nc1 Rfe8 19. Nd3 Nxd3 20. Rxd3 Qxd4 21. Rxd4 Re7 22. Rfd1 Kf8 23. h3 Be6 24. a3 Ke8 25. Bf3 Rd7 26. Kg2 Ke7 27. g4 g5 28. gxf5 Bxf5 29. Bg4 Bxg4 30. hxg4 Rad8 31. Rh1 Kf6 32. b4 Kg6 33. Rhd1 Rf8 34. c4 Rdf7 35. R1d2 dxc4 36. Rxc4 h5 37. gxh5+ Kxh5 38. Rc5 Rf5 39. Rcc2 R8f7 40. Rd4 Kg6 41. Kg3 Rf3+ 42. Kg2 1/2-1/2

[Event "It (Open) INT"]
[Site "?"]
[Date "2006.05.06"]
[Round "?"]
[White "Moskvin Vladimir"]
[Black "Chuprov Dmitry"]
[Result "1-0"]
[WhiteElo "2629"]
[BlackElo "2525"]
[PlyCount "141"]
[EventDate "2006.??.??"]
[Source "www.chesslib.no"]
[SourceDate "2004.05.04"]

1. Nf3 d6 2. d4 Nd7 3. Bf4 Ngf6 4. e3 g6 5. h3 Bg7 6. Be2 O-O 7. O-O c5 8. c3 cxd4 9. exd4 Nb6 10. Nbd2 Bf5 11. Re1 Re8 12. Bf1 Rc8 13. a4 a6 14. Qb3 Be6 15. Rxe6 fxe6 16. Qxe6+ Kh8 17. Ng5 Rf8 18. Nf7+ Rxf7 19. Qxf7 Nbd5 20. Bg5 Qg8 21. Qxg8+ Kxg8 22. a5 Kf7 23. Re1 e6 24. Nc4 Ke7 25. Bh4 Bh6 26. Ne3 Nxe3 27. fxe3 Kf7 28. e4 e5 29. Bd3 Bf4 30. Rf1 g5 31. Bf2 Ke7 32. g3 Bd2 33. Rd1 Bxc3 34. bxc3 Rxc3 35. dxe5 dxe5 36. Kg2 h5 37. Rd2 g4 38. h4 Nd7 39. Be3 Nc5 40. Bxc5+ Rxc5 41. Rb2 Rxa5 42. Rxb7+ Kd8 43. Rh7 Ra2+ 44. Kf1 Ra1+ 45. Kf2 Ra2+ 46. Be2 Ra4 47. Rxh5 Rxe4 48. Rg5 Rb4 49. Rxg4 Rb2 50. Re4 Ke7 51. Rxe5+ Kf6 52. Ra5 Kg6 53. Rxa6+ Kf5 54. Ra5+ Ke4 55. Ra4+ Kf5 56. Rf4+ Ke5 57. Ke3 Rb3+ 58. Bd3 Rb1 59. h5 Re1+ 60. Be2 Rh1 61. g4 Rg1 62. Bf3 Re1+ 63. Be2 Ra1 64. Rf5+ Ke6 65. Bd3 Ra3 66. h6 Ra1 67. Rh5 Re1+ 68. Kf2 Rd1 69. h7 Rd2+ 70. Ke3 Rxd3+ 71. Kxd3 1-0

[Event "67th ch-GEO KO"]
[Site "Tbilisi GEO"]
[Date "2008.03.25"]
[Round "4.1"]
[White "Pantsulaia, L."]
[Black "Shanava, K."]
[Result "1-0"]
[WhiteElo "2629"]
[BlackElo "2521"]
[PlyCount "77"]
[EventDate "2008.03.15"]
[Source "www.chesslib.no"]
[SourceDate "2004.05.04"]

1. Nf3 d6 2. d4 Bg4 3. c4 g6 4. g3 Bxf3 5. exf3 Bg7 6. Nc3 Nd7 7. Be2 Ngf6 8. d5 c6 9. O-O O-O 10. Be3 Qa5 11. Re1 cxd5 12. cxd5 Nb6 13. Bxb6 Qxb6 14. Qd2 Rfc8 15. Bf1 Nd7 16. f4 Kf8 17. Re3 Bd4 18. Rd3 Bf6 19. Re1 Qa5 20. Qe2 Nb6 21. a3 Kg8 22. Bg2 Na4 23. Ne4 Bxb2 24. Rb1 b6 25. h4 Bg7 26. h5 Nc5 27. Nxc5 bxc5 28. hxg6 hxg6 29. f5 c4 30. Rf3 g5 31. Qxe7 c3 32. f6 c2 33. Rc1 Re8 34. Qd7 Rad8 35. Qf5 Qe1+ 36. Kh2 Qxc1 37. fxg7 Re7 38. Qf6 g4 39. Rf5 1-0

[Event "7th Amplico AIG Life"]
[Site "Warsaw POL"]
[Date "2007.12.15"]
[Round "6"]
[White "Markowski, T."]
[Black "Flores, Di"]
[Result "1-0"]
[WhiteElo "2584"]
[BlackElo "2566"]
[PlyCount "105"]
[EventDate "2007.12.15"]
[Source "www.chesslib.no"]
[SourceDate "2004.05.04"]

1. Nf3 g6 2. d4 Bg7 3. c4 d6 4. e3 Nf6 5. Be2 O-O 6. O-O b6 7. Nc3 Bb7 8. d5 c6 9. e4 a6 10. a4 Nbd7 11. Be3 b5 12. dxc6 Bxc6 13. cxb5 axb5 14. Nd4 Bb7 15. Bxb5 Nxe4 16. Nxe4 Bxe4 17. b4 Rc8 18. Rc1 Ne5 19. f3 Ba8 20. Qe2 d5 21. Rxc8 Qxc8 22. Rc1 Qb8 23. Qc2 Nc4 24. Bxc4 Qxb4 25. Qb3 Bxd4 26. Qxb4 Bxe3+ 27. Kf1 Bxc1 28. Bb3 e6 29. a5 Be3 30. a6 Rc8 31. Ke2 Bc5 32. Qb5 Kg7 33. Ba4 Bd4 34. Qd7 Rb8 35. Bb5 Bb6 36. Qd6 Ba7 37. Qd7 Bb6 38. h4 h5 39. Qd6 Ba7 40. Qe5+ Kg8 41. Bd7 Rb3 42. Qc7 Bb8 43. Qd8+ Kg7 44. Be8 Bb7 45. axb7 Rxb7 46. Qc8 Rb2+ 47. Kd1 Rb1+ 48. Kc2 Rb6 49. Qd7 Be5 50. Qxf7+ Kh8 51. Qxg6 Bg7 52. Bf7 Rc6+ 53. Kd1 1-0